NCAAM DII Basketball Logo Quiz: CIAA - Statistics

General Stats
  • This quiz has been taken 9 times
  • The average score is 5 of 13
Answer Stats
Picture Answer % Correct
Shaw
80%
Bluefield St.
60%
Bowie St.
40%
Elizabeth City St.
40%
Fayetteville St.
40%
Johnson C. Smith
40%
Lincoln (PA)
40%
St. Augustine's
40%
Virginia St.
40%
Virginia Union
40%
Winston-Salem St.
40%
Claflin
20%
Livingstone
20%
No matching quizzes found
Score Distribution
Percent of People with Each Score
Percentile by Number Answered
Your Score History
You have not taken this quiz